Highest Rated FC 24 Player per League - Statistics

General Stats
  • This quiz has been taken 29 times
    15 since last reset
  • The average score is 16 of 78
Answer Stats
League rat club Player % Correct
MLS 99 Inter Miami Lionel Messi
93%
Premier League 99 Liverpool Mohamed Salah
71%
Premier League 99 Liverpool Virgil van Dijk
71%
Saudi Pro League 99 Al-Nassr Cristiano Ronaldo
64%
Premier League 99 Manchester City Erling Haaland
64%
Bundesliga 99 Bayer Leverkusen Florian Wirtz
64%
Bundesliga 99 Bayer Leverkusen Jeremie Frimpong
64%
Premier League 99 Tottenham Hotspur Son Heung-Min
64%
Saudi Pro League 99 Al Hilal Neymar
57%
La Liga 99 FC Barcelona Pedri
50%
Serie A 98 Inter Milan Lautaro Martínez
43%
Liga F 99 Barça Femení Alexia Putellas
36%
La LIga 99 Atlético Madrid Julián Álvarez
36%
Ligue 1 98 Paris Saint-Germain Ousmane Dembélé
36%
Women Super League 99 Chelsea Women Sam Kerr
36%
Frauen-Bundesliga 98 Wolfsburg Women Alexandra Popp
29%
Ligue 1 98 Lille OSC Jonathan David
29%
Bundesliga 99 Futties Hero Lúcio
29%
Division 1 Féminine 99 PSG Féminine Sakina Karchaoui
29%
Serie A 98 AC Milan Theo Hernández
29%
Premier League 99 West Ham Wes Foderingham
29%
NWSL 99 San Diego Wave Alex Morgan
21%
Liga F 99 Barça Femení Caroline Graham Hansen
21%
Ligue 1 98 Futties Hero David Ginola
21%
Premier League 99 Chelsea Enzo Fernández
21%
1. HNL 79 Hadjuk Split Ivan Perišić
21%
Premier League 99 Manchester United Matthijs De Ligt
21%
Liga Portugal 96 Futties Hero Ricardo Carvalho
21%
La Liga 99 Atlético Madrid Rodrigo De Paul
21%
Indian Super League 96 Bengaluru Sunil Chhetri
21%
A-League 76 Adelaide United Craig Goodwin
14%
Calcio A Femminile 86 Juventus Women Cristiana Girelli
14%
NWSL 99 Chicago Red Stars Mallory Swanson
14%
CSL 86 Shanghai Port Oscar
14%
Eredivisie 95 Feyenoord Santiago Giménez
14%
Belgian Pro League 93 Anderlecht Toby Alderweireld
14%
Süper Lig 97 Galatasaray Wilfried Zaha
14%
Süper Lig 97 Beşiktaş Alex Oxlade-Chamberlain
7%
Scottish Premiership 96 Celtic Alistair Johnston
7%
Swiss Super League 91 Yverdon Sport Boris Céspedes
7%
Damallsvenskan 82 Rosengård Caroline Seger
7%
Sudamericana 85 Estudiantes Deian Verón
7%
NB I 76 Ferencváros Dénes Dibusz
7%
LPF 96 Newell's Old Boys Éver Banega
7%
Nationalliga A 76 FC Zürich Frauen Fabienne Humm
7%
League of Ireland Premier Division 69 Shamrock Rovers Jack Byrne
7%
Campeonato Nacional Feminino 78 Benfica Feminino Jéssica Silva
7%
Eredivisie 95 Ajax Jordan Henderson
7%
Finnliiga 67 HJK Helsinki Jukka Raitala
7%
UAE Pro League 79 Al Ain Kaku
7%
Česká Liga Žen 79 Slavia Praha Ženy Kateřina Svitková
7%
Superliga 86 København Kevin Diks
7%
Belgian Pro League 93 Union Saint-Galloise Kevin Rodríguez
7%
Eliteserien 80 Molde FK Kristoffer Haugen
7%
Česká Liga 77 Sparta Praha Ladislav Krejčí
7%
SWPL 1 78 Glasgow City Lee Gibson
7%
La Liga 2 87 Eibar Luca Zidane
7%
Ekstraklasa 93 Górnik Zabrze Lukas Podolski
7%
Bundesliga 2 91 FC St. Pauli Marcel Hartel
7%
Serie B 95 Sampdoria Matteo Stoppa
7%
Cypriot First Division 74 APOEL Max Meyer
7%
Libertadores 95 River Plate Miguel Borja
7%
Super League Greece 78 Panathinaikos Nemanja Maksimović
7%
EFL League Two 70 Stockport County Nick Powell
7%
Damallsvenskan 82 Rosengård Olivia Schough
7%
Swiss Super League 91 FC Lugano Renato Steffen
7%
SuperLiga 85 Farul Constanța Rivaldinho
7%
EFL League One 90 Blackpool Rob Apter
7%
EFL League One 90 Peterborough United Ronnie Edwards
7%
Allsvenkan 91 Malmö Sebastian Nanasi
7%
Vrouwen Eredivisie 83 Ajax Vrouwen Sherida Spitse
7%
K League 1 87 FC Seoul Stanislav Iljutcenko
7%
Ö. Bundesliga 88 RB Salzburg Strahinja Pavlović
7%
Ukrainian Premier League 78 Shakhtar Donetsk Taras Stepanenko
7%
3. Liga 72 SV Waldhof Terrence Boyd
7%
Česká Liga 77 Slavia Praha Tomáš Holeš
7%
EFL Championship 94 Watford Yáser Asprilla
7%
Ligue 2 77 Saint-Étienne Yunis Abdelhamid
7%
No matching quizzes found
Score Distribution
Percent of People with Each Score
Percentile by Number Answered
Your Score History
You have not taken this quiz since the last reset